• 首页
  • 本馆介绍
  • 公告通知
  • 最新文献
  • 馆藏检索
  • 电子资源
  • 读者导购
  • 参考咨询
  • 我的图书馆
  • 登录
  • 详细信息显示
  • 放入我的书架
  • 预约/预借图书
  • 作者相关作品
  • 分类相关作品
  • 丛书相关作品
  • 出版社相关作品

书目信息

  • 表格格式
  • 工作单格式
  • 卡片格式
题名:
面试实战过关宝典
    
 
作者: ;国家教师资格考试专用教材编委会
分册:   中学英语
出版信息: 北京   红旗出版社  2021.01
页数: 258页
开本: 28cm
丛书名: 国家教师资格考试专用教材
单 册:
中图分类: G633.41
科图分类:
主题词: 英语课--Ying Yu Ke--教学法--中学教师--聘用--资格考试--自学参考资料
电子资源:
ISBN: 978-7-5051-4061-5
000 01366nam 2200313 450
001 012001000514
005 20140131150054.0
010    @a978-7-5051-4061-5@dCNY48.00
099    @aCAL 012017123343
100    @a20220905d2017 em y0chiy50 ea
101 0  @achi@aeng
102    @aCN@b110000
105    @aak z 000yy
106    @ar
200 1  @a面试实战过关宝典@AMian Shi Shi Zhan Guo Guan Bao Dian@i中学英语@f《国家教师资格考试专用教材》编委会编著
210    @a北京@c红旗出版社@d2021.01
215    @a258页@c图@d28cm
225 2  @a国家教师资格考试专用教材@AGuo Jia Jiao Shi Zi Ge Kao Shi Zhuan Yong Jiao Cai
225 2  @a国家教师资格考试系列用书@AGuo Jia Jiao Shi Zi Ge Kao Shi Xi Lie Yong Shu@i科目一+科目二
300    @a2017移动互联版 适用于全国统考省(自治区、直辖市)考试 严格依据教师资格面试考试大纲
330    @a本书分为六部分,内容包括:概论篇、结构化面试篇、备课篇、试讲篇、答辩篇、面试基本礼仪篇。
410  0 @12001 @a国家教师资格考试专用教材
410  0 @12001 @a国家教师资格考试系列用书@i科目一+科目二
517 1  @a中学英语@AZhong Xue Ying Yu
606 0  @a英语课@AYing Yu Ke@x教学法@x中学教师@x聘用@x资格考试@j自学参考资料
690    @aG633.41@v5
711 02 @a国家教师资格考试专用教材编委会@AGuo Jia Jiao Shi Zi Ge Kao Shi Zhuan Yong Jiao Cai Bian Wei Hui4编著
801  0 @aCN@bAHXH@c20221111
905    @b1364526-30@dG633.41@e1028@f5
    
    面试实战过关宝典.中学英语/《国家教师资格考试专用教材》编委会编著.-北京:红旗出版社,2021.01
    258页:图;28cm.-(国家教师资格考试专用教材).-(国家教师资格考试系列用书.科目一+科目二)
    2017移动互联版 适用于全国统考省(自治区、直辖市)考试 严格依据教师资格面试考试大纲
    
    ISBN 978-7-5051-4061-5:CNY48.00
    本书分为六部分,内容包括:概论篇、结构化面试篇、备课篇、试讲篇、答辩篇、面试基本礼仪篇。
●
相关链接 在E读中查询图书 在五车中查询图书 在当当中查询图书 在豆瓣中查询图书


正题名:面试实战过关宝典     索取号:G633.41/1028         预约/预借

序号 登录号 条形码 馆藏地/架位号 状态 备注
1 1364526   213645260   第一样本阅览室/ [索取号:G633.41/1028] 在馆    
2 1364527   213645279   教育系资料室/ [索取号:G633.41/1028] 在馆    
3 1364528   213645288   教育系资料室/ [索取号:G633.41/1028] 在馆    
4 1364529   213645297   第四借阅区/ [索取号:G633.41/1028] 在馆    
5 1364530   213645304   第四借阅区/ [索取号:G633.41/1028] 在馆    
唐山师范学院图书馆 欢迎您!
大连网信软件有限公司© 版权所有